000
00284nam a2200109Ia 4500
008
220204s9999 xx 000 0 und d
082
_a
628.511
_b
MAL
245
0
_a
Analysis of airborne particles by physical methods
260
_a
Florida
_b
CRC
_c
1978
700
_a
Maliss, H
942
_c
BK
999
_c
31241
_d
31241